| 000 | 00764nam a2200229Ia 4500 | ||
|---|---|---|---|
| 003 | OSt | ||
| 005 | 20220928144531.0 | ||
| 006 | a|||||r|||| 00| 0 | ||
| 007 | ta | ||
| 008 | 220927b |||||||| |||| 00| 0 eng d | ||
| 024 | _a71451 | ||
| 037 | _cTextual | ||
| 040 |
_aSDCL _cSDCL _beng |
||
| 041 |
_2eng _aeng |
||
| 082 | _ak5,N7, L7 RR | ||
| 100 |
_aAdler Mortimer J Ed. _9362822 |
||
| 245 | 0 |
_aGreat treasury of Western thought _b A compendium of important statements on man and his institutions by the great thinkers in Western history. |
|
| 260 | _c1977 | ||
| 700 |
_a Vandoren Charles Ed. _9508115 |
||
| 942 |
_hk5,N7, L7 RR _cTEXL _2CC |
||
| 999 |
_c827629 _d827629 |
||